Catálogo
 En Linea

Salud mental del Dominicano. : (Registro nro. 45325)

Detalles MARC
000 -CABECERA
campo de control de longitud fija 00861nam a2200205 a 4500
001 - NÚMERO DE CONTROL
campo de control 000045836
005 - FECHA Y HORA DE LA ÚLTIMA TRANSACCIÓN
campo de control 20240307173900.0
008 - DATOS DE LONGITUD FIJA--INFORMACIÓN GENERAL
campo de control de longitud fija 150519s1988 dr 000 0 spa d
040 ## - FUENTE DE LA CATALOGACIÓN
Centro catalogador/agencia de origen DO-SdBNP
Lengua de catalogación spa
Centro/agencia transcriptor BNPHU
100 1# - ENTRADA PRINCIPAL--NOMBRE DE PERSONA
Nombre de persona Mella Mejías, César
Fechas asociadas al nombre 1950-
9 (RLIN) 210
245 10 - MENCIÓN DE TÍTULO
Título Salud mental del Dominicano. :
Resto del título una aproximación básica /
Mención de responsabilidad, etc. César Mella Mejías.
260 ## - PUBLICACIÓN, DISTRIBUCIÓN, ETC.
Lugar de publicación, distribución, etc. Santo Domingo :
Nombre del editor, distribuidor, etc. Universitaria-UASD,
Fecha de publicación, distribución, etc. 1988.
490 1# - MENCIÓN DE SERIE
Mención de serie Publicaciones de la Universidad Autónoma de Santo Domingo
Designación de volumen o secuencia 598
490 1# - MENCIÓN DE SERIE
Mención de serie Salud y sociedad
Designación de volumen o secuencia 14
500 ## - NOTA GENERAL
Nota general Incluye datos biográficos del autor en la contraportada.
590 ## - NOTA LOCAL (RLIN)
Nota local Perteneció a la biblioteca personal de Erick Landestoy
710 1# - PUNTO DE ACCESO ADICIONAL--NOMBRE DE ENTIDAD CORPORATIVA
Nombre de entidad corporativa o nombre de jurisdicción como elemento de entrada Universidad Autónoma de Santo Domingo
9 (RLIN) 72951
830 #0 - PUNTO DE ACCESO ADICIONAL DE SERIE-TÍTULO UNIFORME
Título uniforme Publicaciones de la Universidad Autónoma de Santo Domingo
Número de parte o sección de la obra 598
9 (RLIN) 73910
830 #0 - PUNTO DE ACCESO ADICIONAL DE SERIE-TÍTULO UNIFORME
Título uniforme Salud y sociedad
Número de parte o sección de la obra 14
9 (RLIN) 73911
Existencias
Estado de retiro Estado de pérdida No para préstamo Código de colección Localización permanente Ubicación/localización actual Ubicación en estantería Fecha de adquisición Número de inventario Total de préstamos Signatura topográfica completa Código de barras Fecha visto por última vez Precio válido a partir de Tipo de ítem Koha Nota pública
    Excluido de préstamo Patrimonio Dominicano Patrimonio Dominicano Patrimonio Dominicano Depósito 19.05.2015 LF1   45836-10 25.06.2020 25.06.2020 Libro y Folleto Colección Patrimonio Dominicano Perteneció a la biblioteca personal de Erick Landestoy

Con tecnología Koha